Statistiques concernant Les fleurs en fonction du mois de naissance

Cliquez ici pour prendre le quiz!

Statistiques générales

  • Ce quiz a été pris 29 fois
  • Le résultat moyen est 12 sur 19

Statistiques - réponses

FleursMois% Correct
ŒilletJanvier
83%
Perce-neigeJanvier
79%
Pois de senteurAvril
75%
MuguetMai
71%
NarcisseMars | Décembre
71%
PavotAoût
67%
IrisFévrier
67%
VioletteFévrier
67%
JonquilleMars
67%
ChrysanthèmeNovembre
67%
GlaïeulAoût
63%
MargueriteAvril | Mai
63%
Pied d’alouetteJuillet
63%
LysMai
63%
HouxDécembre
58%
RoseJuin
58%
PoinsettiaDécembre
54%
AsterSeptembre
54%
SouciOctobre
46%

Distribution des résultats

Percentile par nombre de réponses

% des personnes avec chaque résultat

Votre développement - résultats

Vous n’avez pas pris ce quiz